000 00698nam a2200241Ia 4500
003 OSt
005 20220918223109.0
006 a|||||r|||| 00| 0
007 ta
008 220917b |||||||| |||| 00| 0 eng d
024 _a220,444
037 _cTextual
040 _aARTS
_cARTS
_beng
041 _2eng
_aeng
082 _aV436:3(Q7).N9, P3
100 _aBrowen John R.
_9144921
245 0 _aIslam, law, and equality in Indonesia
_b An anthropology of public reasoning
260 _aNew York
_bCambridge University Press
_c2003
300 _axvi,289p.
_ccm.
650 _aHISTORY
942 _hV436:3(Q7).N9, P3
_cTEXL
_2CC
999 _c277463
_d277463